00431 2200157 4500001002100000005001700021020001800038035002500056090002400081100002000105245005400125260003400179300002200213990002200235990001600257YOGYA00000000003893520150623105412.0 a978-1273-14-6 a0010-081400000038653 aDep 297.57703 Tha E aMuhammad Thalib aEnsiklopedi keluarga sakinah 04cThalib, Muhammad aYogyakartabPro-U Mediac2008 a428 hlm .c24 cm. aCB-D.11-2008-1428 a587-KS/B.09